القرآن والقتال : (Record no. 27548)
[ view plain ]
| 000 -الفاتح | |
|---|---|
| حقل البيانات ثابتة الطول | 01322nam a22003135a 4500 |
| 003 - محدد رقم الضبط | |
| رقم الضبط | EG-ScBUE |
| 005 - وقت وتاريخ اخر تعامل مع التسجيلة | |
| رقم الضبط | 20190619104128.0 |
| 008 - عناصر البيانات ثابتة الطول - معلومات عامة | |
| حقل البيانات ثابتة الطول | 190619s2018 ua grb 000 0 ara d |
| 017 ## - رقم الإيداع القانونى | |
| رقم الإيداع القانونى | 2017 / 27757 |
| 020 ## - الرقم الدولى المعيارى للكتب | |
| الرقم الدولى المعيارى للكتاب | 9789772052271 |
| 040 ## - مصدر الفهرسة | |
| وكالة الفهرسة الأصلية | EG-ScBUE |
| لغة الفهرسة | ara |
| وكالة النسخ | EG-ScBUE |
| وكالة التعديل | EG-ScBUE |
| 082 04 - رقم تصنيف ديوى العشرى | |
| رقم التصنيف | 297.56242 |
| رقم المادة | ش ل ت |
| رقم الطبعة | 22 |
| 100 1# - المدخل الرئيسى - إسم شخصى | |
| الإسم الشخصى | شلتوت، محمود. |
| 245 12 - بيان العنوان | |
| العنوان | القرآن والقتال : |
| بقية العنوان | من بحوث في القرآن الكريم / |
| بيان المسئوليه,etc | بقلم محمود شلتوت ؛ إشراف محيي الدين عفيفي أحمد. |
| 260 ## - PUBLICATION, DISTRIBUTION, ETC. (IMPRINT) | |
| مكان الناشر او الموزع | القاهرة : |
| اسم الناشر او الموزع | الأزهر الشريف، مجمع البحوث الإسلامية، |
| تاريخ النشر أو التوزيع | 2018. |
| 300 ## - الوصف المادى | |
| التعداد | 94 ص. ؛ |
| أبعاد الوعاء | 22 سم. |
| 490 0# - بيان السلسلة | |
| عنوان السلسلة | سلسلة مجمع البحوث الإسلامية. |
| -- | السلسلة العلمية ؛ |
| رقم المجلد/ التعيين التسلسلي | 49 |
| 504 ## - تبصرة ببليوجرافية | |
| تبصرة ببليوجرافية,الخ | يشتمل على إرجاعات ببليوجرافية. |
| 541 ## - تبصرة المصدر المباشر للتزويد | |
| مصدر التزويد | Dr. Noha Gamal ; |
| طريقة التزويد | Donation ; |
| 630 07 - المدخل الاضافى بالموضوع - عنوان موحد | |
| عنوان موحد | قرآن |
| التقسيم الفرعي العام | سور وآيات. |
| مصدر الرأس أو المصطلح | BUEsh |
| 630 07 - المدخل الاضافى بالموضوع - عنوان موحد | |
| عنوان موحد | قرآن |
| التقسيم الفرعي العام | أحكام. |
| مصدر الرأس أو المصطلح | BUEsh |
| 630 07 - المدخل الاضافى بالموضوع - عنوان موحد | |
| عنوان موحد | قرآن |
| التقسيم الفرعي العام | تفسير. |
| مصدر الرأس أو المصطلح | BUEsh |
| 650 #7 - المدخل الاضافى بالموضوع-مصطلح موضوعى | |
| مصطلح موضوعي أو اسم جغرافي كعنصر مدخل | الحرب |
| التقسيم الفرعي العام | جوانب دينية |
| -- | إسلام. |
| مصدر الرأس أو المصطلح | BUEsh |
| 650 #7 - المدخل الاضافى بالموضوع-مصطلح موضوعى | |
| مصطلح موضوعي أو اسم جغرافي كعنصر مدخل | الجهاد في الإسلام. |
| مصدر الرأس أو المصطلح | BUEsh |
| 651 ## - المدخل الاضافى بالموضوع - اسم جغرافى | |
| مصدر الرأس أو المصطلح | BUEsh |
| 653 ## - مصطلح تكشيفى غير مقيد | |
| Resource For college | Generalities |
| Arrived date list | June2019 |
| 700 1# - المدخل الاضافى - اسم شخصى | |
| الإسم الشخصى | أحمد، محيي الدين عفيفي، |
| الدور | مشرف. |
| 942 ## - عناصر المدخل الإضافي( كوها) | |
| مصدر التصنيف او مخطط الترفيف | Dewey Decimal Classification |
| حالة التراجع | حالة الفقد | مصدر التصنيف او خطة الترفيف | حالة تلف | ليس للاعارة | مجموعات كوها | المكان الدائم | المكان الحالي | موقع الترفيف | تاريخ الاكتساب | Source of acquisition | رقم الاستدعاء | الباركود | Date last seen | تبصرة غير عامة( المفوع للعناصر المفقوده) | نوع الوعاء |
|---|---|---|---|---|---|---|---|---|---|---|---|---|---|---|---|
| Dewey Decimal Classification | Donation-Gift | Central Library | Central Library | Lower Floor | 19/06/2019 | Donation | 297.56242 ش ل ت | 000047953 | 15/07/2025 | Donation from Dr. Noha Gamal | Book - Borrowing |